00434nam a2200157Ia 4500003000900000008004100009020002200050040001600072080001500088100002200103245007400125250001400199260003100213300002300244650000900267IN-BaIIA211028s9999 xx 000 0 eng d a978-81-7655-970-6 cIIA Library a529.3bPAL aPal, Palash Baran 0aJourney through timeba history of dates and yearscPalash Baran Pal  aRev. rep. aNew YorkbScholasticc2008 a[various pagings.] aTime